Surovinové zdroje, výroba a zpracování železa v raně středověké Praze (historie, současný stav a další perspektivy bádání)
| Titel: | Surovinové zdroje, výroba a zpracování železa v raně středověké Praze (historie, současný stav a další perspektivy bádání) |
|---|---|
| Verfasser: | |
| Beteiligt: | ; |
| In: |
Archeologické rozhledy, Band 53 (2001), Seite 91-118 alle Artikel anzeigen |
| Veröffentlicht: | 2001 |
| Format: | Aufsatz |
| Sprache: | Tschechisch |
X
alg: 39313897 001A $01999:11-11-16 001B $03025:15-07-25 $t14:51:19.000 001C $06050:19-11-16 $t08:50:17.000 001D $01999:11-11-16 001U $0utf8 001X $00 002@ $0Aox 003@ $0393138976 007A $0393138976 $aHEB 007T $0Herdp23314 010@ $acze 011@ $a2001 021A $aSurovinové zdroje, výroba a zpracování železa v raně středověké Praze (historie, současný stav a další perspektivy bádání) 028A $714193915X $8Havrda, Jan$Z1969- [Tp3] $9225682486 028B/01 $aPodliska $dJaroslav 028B/02 $aZavřel $dJan 031A $d53 $h91-118 $j2001 037A $aRés. angl. s. 115-118: Sources of raw materials, the production and working of iron in Early Medieval Prague (the history, present state and future perspectives of research) 039B $aIn $8--Abvc--. Archeologické rozhledy. - Praha, 1949-. - ISSN 0323-1267 $x200100000530000909 $9047286156 045T $a6,14 $a6,11 $a6,12 lok: 39313897 78 exp: 39313897 78 1 #EPN 201B/01 $026-11-17 $t02:00:43.000 201U/01 $0utf8 203@/01 $0789249316 208@/01 $a11-11-16 $be 209A/01 $a/ $f000 $x00 220C/01 $aHerkunft: Hú Av Čr Praha 244Z/01 $#Tschechien $#Tschechische Republik $#Tschechien $#Tschechische Republik $#Tschechenland $#Tschechei Tschechien $#Česká Republika $#Czech Republic $#ČR $74303381-7 $8--Tg1--Tschechien $x01 $9086659812 244Z/01 $2Trx $#Böhmen $#Bohemia $#Czechy $8--Trx--Čechy $x02 $9391188941 244Z/01 $akovy železo $x03 244Z/01 $2Trx $#metallurgia üldiselt $#metalurgija bendras $#metallurgy general $#kohászat általános $#hutnictwo ogólnie $#hutníctvo všeobecne $#hutnictví všeobecně $8--Trx--Hüttenwesen$gallgemein $x04 $9391377248 244Z/01 $astředověk raný $x05 244Z/01 $2Trx $8--Trx--Zeitschriftenaufsatz $x06 $9391384341 247C/01 $82080>Marburg/Lahn, Herder-Institut, Forschungsbibliothek, Bibliographieportal $9336309341
| LEADER | 00000caa a22000002c 4500 | ||
|---|---|---|---|
| 001 | 393138976 | ||
| 003 | DE-603 | ||
| 005 | 20250715145119.0 | ||
| 007 | tu | ||
| 008 | 161111s2001 xx |||| | u00||u|cze c | ||
| 035 | |a (DE-599)HEB393138976 | ||
| 040 | |a DE-603 |b ger |c DE-603 |d DE-603 | ||
| 041 | |a cze | ||
| 084 | |a 6,14 |a 6,11 |a 6,12 |2 ssgn | ||
| 100 | 1 | |a Havrda, Jan |d 1969- |0 (DE-603)225682486 |0 (DE-588)14193915X |2 gnd | |
| 245 | 0 | 0 | |a Surovinové zdroje, výroba a zpracování železa v raně středověké Praze (historie, současný stav a další perspektivy bádání) |
| 264 | 0 | |c 2001 | |
| 500 | |a Rés. angl. s. 115-118: Sources of raw materials, the production and working of iron in Early Medieval Prague (the history, present state and future perspectives of research) | ||
| 700 | 1 | |a Podliska, Jaroslav | |
| 700 | 1 | |a Zavřel, Jan | |
| 773 | 0 | 8 | |i In |t Archeologické rozhledy |d Praha, 1949- |x 0323-1267 |g Band 53 (2001), Seite 91-118 |w (DE-603)047286156 |w (DE-600)205634-3 |
| 924 | 0 | |9 2080 |a (DE-603)789249316 |b DE-2080 |c HES |d d |g / | |


